Rosa Juventus 2025/2026 - Statistics

Statistiche generali
  • Questo quiz è stato fatto 231 volte
  • Il punteggio medio è 24 su 26
Statistiche sulle risposte
RUOLO GIOCATORE NAZIONALITÀ % Corretto
POR DI GREGORIO ITALIA
100%
POR PERIN ITALIA
100%
DC KALULU FRANCIA
98%
CDC LOCATELLI ITALIA
98%
ATT VLAHOVIC SERBIA
98%
DC BREMER BRASILE
97%
ATT DAVID CANADA
97%
DC GATTI ITALIA
97%
DC KELLY INGHILTERRA
97%
POR PINSOGLIO ITALIA
97%
AS YILDIZ TURCHIA
97%
CC MCKENNIE USA
96%
ATT MILIK POLONIA
96%
ATT OPENDA BELGIO
96%
ES KOSTIC SERBIA
95%
TD CAMBIASO ITALIA
94%
CC THURAM FRANCIA
94%
AD CONCEICAO PORTOGALLO
92%
COC KOOPMEINERS OLANDA
91%
COC ADZIC MONTENEGRO
90%
DC RUGANI ITALIA
88%
TS CABAL COLOMBIA
86%
AD ZHEGROVA KOSOVO
84%
CC MIRETTI ITALIA
82%
TD MARIO PORTOGALLO
67%
TS ROUHI SVEZIA
62%
Nessun quiz corrispondente trovato
Distribuzione punteggi
Percentuale di utenti per punteggio
Percentile per numero di risposta
I tuoi punteggi nel tempo
Non hai fatto questo quiz